000
00283nam a2200097Ia 4500
001
1251157
005
20251031150910.0
008
251031s9999 xx 000 0 und d
245
0
_c
NURTEN CECELİ ALKAN
_a
I-5 OKUL ÇOCUKLARI NE YEMELİ,NE YEMEMELİ ?
260
_b
HAYY KİTAP YAYINLARI
999
_c
1251157
_d
1251157